Quizzes
Events
Quiz Creation
Community
Videos
Private Events
Remove Ads
Sign In
Join for FREE
Feedback
Dark Mode
Quiz Categories
Sports
Geography
Music
Movies
Television
Just For Fun
Miscellaneous
History
Literature
Language
Science
Gaming
Entertainment
Religion
Holiday
For Kids
Quiz Lab
Recent
Popular Today
Quiz Kudos Today
Editor Picks
Curator Picks
Quizzes by...
Day
Popularity
Type
Ratings
Length
Year
Community
Subscriptions
Recent Discussions
Orange Saloon
Badges
Playlists
Quests
Create
Leaderboards
Showdown
Live 5
Trivia Bingo
Activity
Puzzle Library
Sporcle Events
Private Events
Virtual Trivia
Globe League
Become a Host
Pub Owners
SporcleCon
Opinionation
Our Games
Videos
Blog
Mobile Apps
Partnerships
Remove Ads and Go Orange
Feedback
Literature
Harry Potter
A Song of Ice and Fire
The Hunger Games
Literary Character
Shakespeare
Book
Author
Novel
Poem
Young Adult
Children's Books
Play
Lord of the Rings
Literature
Harry Potter
A Song of Ice and Fire
The Hunger Games
Literary Character
Shakespeare
Book
Author
Novel
Poem
Young Adult
Children's Books
Play
Lord of the Rings
Random Quiz
Search Sporcle
×
Quiz Lab
Quiz Lab
Literature
Harry Potter
Type in answers that appear in a list
Type in answers that appear in a list
Classic
Best Score? Go Orange.
People Deatheaters Kills Stats
Can you name the People DeathEaters Kill?
By
lunalover010501
7m
14 Questions
240 Plays
240 Plays
240 Plays
Comments
Comments
Give Quiz Kudos
Give Quiz Kudos
-
- Ratings
hide this ad
Replay
Link that replays current quiz
Next Quiz
Link to next quiz in quiz playlist
You Got
0%
They Got
Avg Score
47%
Avg Friend Score
Upgrade to see
Score Distribution
Jump to the score distribution portion of the page
Score
0/14
Timer
07:00
0
Plays Today
book
Person Who Is Killed
% Correct
Harry Potter 4
Cedric Diggory
67.9%
Harry Potter (before)
James Potter
67.1%
Harry Potter (Before)
Lily Potter
67.1%
Harry Potter 5
Sirius Black
64.6%
Harry Potter 1
Quirrell
62.1%
Harry Potter 7
Tonks
57.1%
Harry Potter 7
Fred Weasley
54.6%
book
Person Who Is Killed
% Correct
Harry Potter 7
Lupin
54.2%
Harry Potter 6
Albus Dumbledore
49.6%
Harry Potter 7
Dobby
35.8%
Harry Potter 4
Bertha Jorkins
35%
Harry Potter 7
Mad-Eye Moody
34.2%
Harry Potter 7
Wormtail
10.4%
Harry Potter 7
Prof. Snape
5.8%
Quiz Playlist
Details
Report
Send in Message
Add To Playlist
Classic:
Type in answers that appear in a list
Last Updated: Feb 16, 2017
Quiz Scoreboard
CHALLENGE
Sign Up to Join the Scoreboard
Show All
Scores
Hide
Comments
May contain spoilers
Recently Published
Alphabetical 'K' Countries by Flag Minefield
by ylime102
Geography
3m
Pick 6: Fruits
by JohnFran
Miscellaneous
15s
Click the 1999 NBA Draft
by nibperrychub
Sports
2m
More to Explore
Quiz From the Vault
Featured Blog Post
15 Basketball Trivia Facts You Can Be March Mad About
hide this ad
You Might Also Like...
Tags
Harry Potter Quiz
Death Eaters
Voldemort
Today's Top Quizzes in Literature
Browse Literature
hide this ad
Today's Top Quizzes in Harry Potter
Browse Harry Potter
Top Contributed Quizzes in Literature
1
3-Word Books in 1 Word II
2
Mad Scientists in Literature
3
Image Sorting: Children's Book Characters
4
Harry Potter Logic Quiz New
5
Pick 3: Harry Potter Hogwarts Quidditch Players
6
Sneaky Slytherin Logic Puzzle
7
HP Logic Puzzle: 'Eyes green as fresh-picked toads...'
8
A Court of Thorns and Roses (ACoTaR) Logic Puzzle
9
Quick Pick: Literary Title Characters 1
10
Quick Pick: Margaret Atwood Novels
Explore More
Trending Topics
Crossword
Harry Potter
Disney
Kpop
Anime
Marvel
NBA
Pokémon
Song
Puzzle
The Office
WWE
Soccer
Country
NFL
hide this ad
More By:
lunalover010501
Quiz
Plays
Rating
Category
Featured
Created
Marauder's Map Nicknames
37,863
4.26
Literature
Nov 26, 2010
Random Harry Potter
279
3.00
Literature
Dec 15, 2010
Random Harry Potter3
272
1.67
Literature
Dec 20, 2010
Random Harry Potter2
267
2.67
Literature
Dec 16, 2010
People Deatheaters Kills
240
1.00
Literature
Nov 26, 2010
Go to Creator's Profile
Score Distribution
Quiz Creator Spotlight
lunalover010501
Follow
Send a Message
Quizzes Created
-
Created Quiz Play Count
-
More By This Creator
Popular Quizzes Today
1
Find the US States - No Outlines Minefield
2
Pick 6: Fruits
3
Countries of Asia Without Outlines Minefield
4
Alphabetical 'K' Countries by Flag Minefield
5
Match the Book to the Film X
6
The Countries of the World
7
NBA Logic Puzzle
8
Click the 1999 NBA Draft
More Literature Quizzes
Literary Enemies
Editor's Pick
Trending Quizzes
First Name TV: Leading Men
Match the Book to the Film II
First Name TV: Leading Women Drama
Match the Book to the Film VI
Pick A Pair: Religious TV
Recently Updated
Women's Final Four Teams by Year
bhenderson79
Presidents Quartet II
eogle
Anything But Clue(do)
eogle
Anything But Oceanian Capitals
eogle
Anything But 7
eogle
Anything But Thing
eogle
Word Ladder: February 29
pecheneg
Song Title Questions
pecheneg
Women's NCAA Tournament #1 Seeds
pecheneg
Celebrity Mug Shots
pecheneg
Trending Topics
NBA
Disney
Anime
Kpop
Harry Potter
Marvel
Crossword
Country
Song
NFL
Puzzle
The Office
Pokémon
WWE
Soccer
Your Account Isn't Verified!
In order to create a playlist on Sporcle, you need to verify the email address you used during registration. Go to your
Sporcle Settings
to finish the process.
Report this User
Report this user for behavior that violates our
Community Guidelines
.
Details:
Send Report
Go to the Sporcle.com Mobile Site →
Comments